000
00336pab a2200145 454500
008
180718b1990 xxu||||| |||| 00| 0 eng d
100
_a
Lal, T.
245
_a
Primary capital market
_b
Some reflections
260
_c
1990
300
_a
10-12
362
_a
16 Jun.
650
_a
Financial Institutions
773
_a
Yojana
909
_a
8952
999
_c
8952
_d
8952